Reality and Religion: Meditations on God, Man and Nature/ (Record no. 3119)
[ view plain ]
| 000 -LEADER | |
|---|---|
| fixed length control field | 00612cam a2200217Ii 4500 |
| 001 - CONTROL NUMBER | |
| control field | 3573047 |
| 003 - CONTROL NUMBER IDENTIFIER | |
| control field | OSt |
| 005 - DATE AND TIME OF LATEST TRANSACTION | |
| control field | 20181024163944.0 |
| 008 - FIXED-LENGTH DATA ELEMENTS--GENERAL INFORMATION | |
| fixed length control field | 780120s1974 ii 000 0 eng d |
| 035 ## - SYSTEM CONTROL NUMBER | |
| System control number | tcgc211035 |
| 040 ## - CATALOGING SOURCE | |
| Original cataloging agency | KAT |
| Transcribing agency | KAT |
| Modifying agency | TSM |
| 050 ## - LIBRARY OF CONGRESS CALL NUMBER | |
| Classification number | BV5082 |
| Item number | .S512 |
| 082 ## - DEWEY DECIMAL CLASSIFICATION NUMBER | |
| Classification number | 233 |
| Item number | S617R |
| 100 1# - MAIN ENTRY--PERSONAL NAME | |
| Personal name | Singh, Sundar, |
| Dates associated with a name | 1889-1929. |
| 245 10 - TITLE STATEMENT | |
| Title | Reality and Religion: Meditations on God, Man and Nature/ |
| Statement of responsibility, etc. | by Sadhu Sundar Singh. |
| 260 ## - PUBLICATION, DISTRIBUTION, ETC. | |
| Place of publication, distribution, etc. | Madras : |
| Name of publisher, distributor, etc. | Christian Literature Society, |
| Date of publication, distribution, etc. | 1925. |
| 300 ## - PHYSICAL DESCRIPTION | |
| Extent | 55 p. ; |
| Dimensions | 18 cm. |
| 700 1# - ADDED ENTRY--PERSONAL NAME | |
| Personal name | Parker, Arthur. |
| 700 1# - ADDED ENTRY--PERSONAL NAME | |
| Personal name | Pārkar, E., |
| Titles and other words associated with a name | Mrs. |
| 942 ## - ADDED ENTRY ELEMENTS (KOHA) | |
| Source of classification or shelving scheme | Dewey Decimal Classification |
| Koha item type | Books |
| Withdrawn status | Lost status | Source of classification or shelving scheme | Damaged status | Not for loan | Collection code | Home library | Current library | Shelving location | Date acquired | Cost, normal purchase price | Total Checkouts | Full call number | Barcode | Date last seen | Price effective from | Koha item type |
|---|---|---|---|---|---|---|---|---|---|---|---|---|---|---|---|---|
| Dewey Decimal Classification | Non-fiction | Harvest Mission College | Harvest Mission College | General Stacks | 24.10.2018 | 80.00 | 233 S617R | 000058 | 24.10.2018 | 24.10.2018 | Books |
